Κατάλογος Βιβλιοθηκών Mediterranean College

Η Έρευνα στην Προσχολική Εκπαίδευση / Ποιότητα, Προβλήματα και Οργάνωση της Προσχολικής Εκπαίδευσης. (Record no. 4562)

MARC details
000 -LEADER
fixed length control field 02798cam a22002174a 4500
005 - ΗΜΕΡΟΜΗΝΙΑ ΚΑΙ ΩΡΑ ΤΕΛΕΥΤΑΙΑΣ ΕΝΗΜΕΡΩΣΗΣ
Πεδίο ελέγχου 20250605163436.0
008 - FIXED-LENGTH DATA ELEMENTS--GENERAL INFORMATION
Πεδίο ελέγχου σταθερού μήκους 250528s ||||||||||||||||||||||||d
035 ## - SYSTEM CONTROL NUMBER
System control number 19302
020 ## - ISBN
ISBN 9604020676
040 ## - ΠΗΓΗ ΚΑΤΑΛΟΓΟΓΡΑΦΗΣΗΣ
Φορέας πρωτότυπης καταλογογράφησης MC Athens Campus Library
Γλώσσα καταλογογράφησης Ελληνικά, Μοντέρνα (1453-)
Modifying agency MC Athens Campus Library
Κανόνες περιγραφικής καταλογογράφησης AACR2
245 1# - ΤΙΤΛΟΣ ΚΑΙ ΔΗΛΩΣΗ ΥΠΕΥΘΥΝΟΤΗΤΑΣ
Τίτλος Η Έρευνα στην Προσχολική Εκπαίδευση / Ποιότητα, Προβλήματα και Οργάνωση της Προσχολικής Εκπαίδευσης.
Number of part/section of a work Τόμος Γ'
250 ## - EDITION STATEMENT
Edition statement
260 ## - PUBLICATION, DISTRIBUTION, ETC.
Name of publisher, distributor, etc. Τυπωθήτω,
Date of publication, distribution, etc. 2002
300 ## - PHYSICAL DESCRIPTION
Extent 384
520 ## - SUMMARY, ETC.
Summary, etc. Το παρόν βιβλίο αποτελεί μια αξιόλογη ενημέρωσης για τους φοιτητές των Παιδαγωγικών Τμημάτων αλλά και για όλους όσους, εξαιτίας των επαγγελματικών και ερευνητικών τους ενδιαφερόντων, ασχολούνται συστηματικά με την προσχολική και πρωτοσχολική εκπαίδευση. Προσχολική και Πρωτοσχολική Εκπαίδευση στον Κόσμο: Σύγχρονες Τάσεις, Φροντίδα και Εκπαίδευση των Μικρών Παιδιών. οι Προκλήσεις που Αντιμετωπίζονται στις Η.Π.Α, Προοπτικές της Προσχολικής Εκπαίδευσης στην Ευρώπη, Προσχολική και Πρωτοσχολική Εκπαίδευση στην Ελλάδα, Ιστορικές Προσεγγίσεις, Προσχολική και Πρωτοσχολική Εκπαίδευση στην Ελλάδα: Θέματα Εκπαίδευσης και Διοίκησης, Προβλήματα και Δυνατότητες Συνεργασίας μεταξύ Προσχολικής και Σχολικής Βαθμίδας. Μια Συγκριτική - Εμπειρική Προσέγγιση των Περιπτώσεων Αθήνας - Φρανκφούρτης, η Ποιότητα της Παρεχόμενης Εκπαίδευσης στα Ελληνικά Νηπιαγωγεία, οι Αντιλήψεις για τη Θέση και το Ρόλο της Αξιολόγησης στο Νηπιαγωγείο, Θέματα Φιλοσοφίας της Παιδείας, Ρόλος, Αναπαραστάσεις και Εκπαίδευση Εκπαιδευτικών, ο Υπολογιστής - Εργαλείο: Αναπαραστάσεις Φοιτητών και Εκπαιδευτικών, Θέματα Ειδικής Αγωγής στην Προσχολική Εκπαιίδευση.
700 1# - ΠΡΟΣΘΕΤΗ ΑΝΑΓΡΑΦΗ--ΦΥΣΙΚΟ ΠΡΟΣΩΠΟ
Personal name Δαρδανός Γιώργος
700 1# - ΠΡΟΣΘΕΤΗ ΑΝΑΓΡΑΦΗ--ΦΥΣΙΚΟ ΠΡΟΣΩΠΟ
Personal name Κούρτη Ευαγγελία
942 ## - ADDED ENTRY ELEMENTS (KOHA)
Koha item type Books
Holdings
Τύπος τεκμηρίου Βιβλιοθήκη Τρέχουσα τοποθεσία Barcode Αριθμός εισαγωγής Ημερομηνία απόκτησης Ταξιθετικό σύμβολο Αριθμός αντιτύπου Κατάσταση απόσυρσης Κατάσταση χαμένου Κατάσταση κατεστραμμένου Μη δανεισμός Σύνολο δανεισμών Ημερομηνία τελευταίας εμφάνισης Η τιμή ισχύει από
Books MC Athens Campus Library MC Athens Campus Library 9780000045614 5314 05/06/2025 372.21 DAR V.C 1           05/06/2025 05/06/2025

MC Athens Campus Library
Πατησίων 94 & Κοδριγκτώνος 13, 104 34
Πελλήνης 8 & Πατησίων 107, 112 51
Τ: +30 210 8899600

MC Thessaloniki Campus Library
Ίωνος Δραγούμη 21, 54625 | Ίωνος Δραγούμη 15, 54625
Τ: +30 2310 287779 – Τ: +30 2314 440300